Anatomía y entrenamiento
Guardat en:
| Autor principal: | |
|---|---|
| Format: | Llibre |
| Idioma: | espanyol |
| Publicat: |
Barcelona
Paidotribo
2010
|
| Edició: | 1a. ed |
| Matèries: | |
| Etiquetes: |
Afegir etiqueta
Sense etiquetes, Sigues el primer a etiquetar aquest registre!
|
MARC
| LEADER | 00000nam a2200000 a 4500 | ||
|---|---|---|---|
| 001 | UCG5770 | ||
| 003 | CL-VaPUC | ||
| 008 | 110317e20100000SP |||||||||||||||||spa|d | ||
| 020 | |a 9788499100548 | ||
| 082 | 0 | 4 | |a 613.71 |b BRA |2 21 |
| 100 | 0 | |a Brandon, Leigh |e author |9 555602 | |
| 245 | 1 | 0 | |a Anatomía y entrenamiento |
| 250 | |a 1a. ed | ||
| 300 | |a 144 p | ||
| 942 | |c BK | ||
| 945 | |d 20110317 00:00:00 |a jcampos | ||
| 260 | |a Barcelona |b Paidotribo |c 2010 | ||
| 650 | 7 | |a MUSCULACION |2 CL-VaPUC |9 552260 | |
| 650 | 0 | |a Músculos |9 269552 | |
| 650 | 0 | |a Actividad física |9 362156 | |
| 650 | 7 | |a ENTRENAMIENTO FISICO |2 CL-VaPUC |9 307393 | |
| 650 | 0 | |a Anatomía |9 261202 | |
| 583 | |a last modification |c 20110317 00:00:00 |k Rodrigo Vera | ||
| 999 | |c 344150 |d 344148 | ||
| 952 | |0 0 |1 0 |4 0 |6 613_710000000000000_BRA_2010 |7 0 |8 A |9 441973 |a BIBEDU |b BIBEDU |d 2019-11-22 |i 4756231 |l 2 |m 1 |o 613.71 BRA 2010 |p 4756231 |r 2024-09-04 |s 2024-08-20 |w 2019-11-22 |y BK |k EFI | ||
| 952 | |0 0 |1 0 |4 0 |6 613_710000000000000_BRA_2010 |7 0 |8 A |9 441974 |a BIBEDU |b BIBEDU |d 2019-11-22 |i 4756223 |o 613.71 BRA 2010 |p 4756223 |r 2019-11-22 |w 2019-11-22 |y BK |k EFI | ||